LEADER 00912nam a2200229 i 4500 001 000000044859 003 CaOOAMICUS 005 20091030000000.0 008 091030s1950 be u000 u mul u 013 $a16029 040 $aSeMil$bita 100 1 $aCeyssens, Lucien,$c.$0(OLS)http://semarc/name/10016 245 10$a1 /$cLucien Ceyssens. 260 $aMechelen :$bSt. Franciscus Drukkerij,$c1950. 300 $a408 p. ;$c24 cm. 500 $aTesto in olandese e francese. 650 4$aGiansenismo.$0(OLS)http://semarc/subject/2623 773 0 $aCeyssens, Lucien $tJansenistica.$dMechelen : St. Franciscus Drukkerij, 1950.$w()22324 850 $aSeMil 852 $aSeMil$W1$xVenegono$y1$m2B V 77$j11014$B11014$CSeMilBibl$Z2$F11014 $81 996 $6245$a1$9(OLS)http://semarc/title/46247 996 $6260$aMechelen :$bSt. Franciscus Drukkerij$9(OLS)http://semarc/publisher/35698 LEADER 01053nam a2200265 i 4500 001 000000065480 003 CaOOAMICUS 005 20100309000000.0 008 100309s1997 it u000 u ita u 013 $a36652 020 $a88-10-10430-7 040 $aSeMil$bita 100 1 $aTerrin, Aldo Natale.$0(OLS)http://semarc/name/15564 245 10$aNew Age :$bla religiosità del postmoderno /$cAldo Natale Terrin. 260 $aBologna :$bEDB,$c1997. 300 $a260 p. ;$c22 cm. 490 0 $aOggi e domani. Ser. 2 ;$v18 650 4$aNew Age .$0(OLS)http://semarc/subject/7441 830 0$aOggi e domani. Serie 2 ;$v18.$0(OLS)http://semarc/title/9938 850 $aSeMil 852 $aSeMil$W1$xVenegono$y1$m2X II 355$j31633$B31633$CSeMilBibl$Z2$F31636 $81 961 $aAcquisto: Casa editrice 996 $6020$a88-10-10430-7$9(OLS)http://semarc/number/42839 996 $6245$aNew Age :$bla religiosità del postmoderno$9(OLS)http://semarc/title/103909 996 $6260$aBologna :$bEDB$9(OLS)http://semarc/publisher/29669